Lana Del Rey's VEVO Certified Music Videos - Statistics

General Stats
  • This quiz has been taken 458 times
    40 since last reset
  • The average score is 11 of 17
Answer Stats
Views Music Video % Correct
680M+ Born to Die
91%
373M+ Video Games
84%
468M+ Summertime Sadness
81%
741M+ Summertime Sadness (Official)
81%
179M+ Summertime Sadness (Remix)
81%
118M+ Ultraviolence
75%
418M+ Blue Jeans
69%
241M+ Lust For Life (ft. The Weeknd)
66%
111M+ National Anthem
63%
236M+ West Coast
59%
241M+ Love
56%
171M+ Ride
56%
730M+ Young and Beautiful
56%
160M+ High by the Beach
50%
169M+ Doin' Time
38%
171M+ Brooklyn Baby (Audio)
28%
119M+ Shades of Cool
28%
No matching quizzes found
Score Distribution
Percent of People with Each Score
Percentile by Number Answered
Your Score History
You have not taken this quiz since the last reset